|
|
|
|
| LEADER |
00881ncm a22002532a 4500 |
| 001 |
001086843 |
| 003 |
CZ BrMZK |
| 005 |
20101115120837.0 |
| 007 |
qu |
| 008 |
100212s1975 xr |||||||||||||||||cze d |
| 040 |
|
|
|a BOA001
|b cze
|
| 072 |
|
7 |
|a 784
|x Vokální hudba
|2 Konspekt
|9 9
|
| 100 |
1 |
|
|a Krček, Jaroslav,
|d 1939-
|7 jn19990209419
|4 com
|
| 245 |
1 |
0 |
|a Myslivecké písně
|h [hudebnina] :
|b zpěvník lidových mysliveckých písní /
|c uspořádal Jaroslav Krček a Drahomír Illík
|
| 250 |
|
|
|a 1. vyd.
|
| 260 |
|
|
|a Praha :
|b Supraphon,
|c 1975
|
| 300 |
|
|
|a 91 s.
|
| 500 |
|
|
|a Jednohlasý a dvojhlasý značkovaný zpěv
|
| 500 |
|
|
|a V tiráži vročení 1975
|
| 700 |
1 |
2 |
|a Illík, Drahomír
|7 jk01050521
|4 com
|
| 910 |
|
|
|a BOA001
|b Mus2-0750.179
|
| 990 |
|
|
|a MU
|
| 991 |
|
|
|b 201002
|
| 996 |
6 |
|
|b 2619439508
|c Mus2-0750.179
|l MZK
|r Sklad / do 1 hodiny
|n 1
|w 001110682
|u 000010
|a 1
|e BOA001
|j MZK50
|s P
|